01026cam a22002531 45000010005000000030008000050050017000130080039000300350018000690400036000870410011001230820024001341000024001582450168001822600049003503000047003995000106004465040020005525050116005726500018006886500026007066500020007327000020007528475BD-RjUL20211208234609.0140118s1965 stka 001 0 eng a(BD-RjUL)8520 aDLC/ICUcICUdDLCdBD-RjULbeng1 aengfre00a510.02453bKAT 19651 aKahan, Theo,d1904-10aTheory of groups in classical and quantum physics /cby Theo Kahan in collaboration with P. Cavailles [and others] English translation edited by A.R. Edmonds.pV-1 aEdinburgh :aLondon :bOliver & Boyd,cc1965 axxiii, 566 p. :btables, diagrs. ;c26 cm. aOriginally published as Théorie des groupes en physique classique et quantique. Paris, Dunod, 1960. aIncludes Index.1 av. 1. Mathematical structures and the foundations of quantum theory; translated [from the French] by H. Ingram. 0aGroup theory. 0aMathematical physics. 0aQuantum theory.1 aCavaillès, P.